The meanings of Macho (notice nᵒ 12438)
[ vue normale ]
| 000 -Sello discográfico | |
|---|---|
| campo de control de longitud fija | 01062nam a2200337 4500 |
| 005 - Identificación de versión | |
| campo de control | 20251016085103.0 |
| 010 ## - Número Estándar Internacional de Libros (ISBN) | |
| Número (ISBN) | 0-520-20236-8 |
| 035 ## - Otros números de control del sistema | |
| Número de control del sistema | 27492 |
| 099 ## - fechas locales | |
| Tipo de ítem Koha | LIBRO |
| 100 ## - Datos de procesamiento general | |
| Datos de procesamiento general | 20010102d1994 m y1spay5003 ba |
| 101 ## - Idioma del recurso | |
| Idioma del texto, banda sonora, etc. | Inglés |
| 105 ## - Campo de datos codificados: Material textual, monográfico | |
| Datos codificados de monografía | a 001zy |
| 200 1# - Título y mención de responsabilidad | |
| Título propio | The meanings of Macho |
| Designación general del material | texto impreso |
| Otra información del título | being a man in Mexico city |
| Primer mención de responsabilidad | Matthew C. Gutmann |
| 210 ## - Publicación, distribución, etc. | |
| Lugar de publicación, distribución, etc. | California |
| Nombre del editor, distribuidor, etc. | University of California Press |
| Fecha de publicación, distribución, etc. | 1996 |
| 215 ## - Descripción física | |
| Designación de material específico y extensión del ítem | 330 p |
| Otras características físicas | fot. |
| Dimensiones | 23 cm |
| 320 ## - Nota de índices/bibliografías internas | |
| Texto de la nota | Bibliografía: p.295-322 |
| 345 ## - Nota de información de adquisición | |
| Fuente de adquisición/dirección de la suscripción [OBSOLETO] | Compra |
| 410 #1 - Series | |
| Título | Men and Masculinity |
| Número de volumen | 3 |
| 606 ## - Término temático usado como materia | |
| Elemento de entrada | Hombres (Psicología) |
| Subdivisión geográfica | México (Ciudad) |
| Número Koha | 14960 |
| 606 ## - Término temático usado como materia | |
| Elemento de entrada | Machismo |
| Subdivisión geográfica | México (Ciudad) |
| Número Koha | 14961 |
| 606 ## - Término temático usado como materia | |
| Elemento de entrada | Masculinidad (Psicología) |
| Subdivisión geográfica | México (Ciudad) |
| Número Koha | 14962 |
| 660 ## - Código de área geográfica | |
| Código | MX |
| 700 ## - Nombre personal - Responsabilidad primaria | |
| Elemento de entrada | Gutmann |
| Parte del nombre distinta del elemento de entrada | Matthew C. |
| Fechas | 1953- |
| Número Koha | 14963 |
| 801 #0 - Fuente de origen | |
| Agencia | cm |
| 900 ## - | |
| -- | 1/929 |
| 900 ## - | |
| -- | 7100112711\020101 |
| 942 ## - ELEMENTOS DE ENTRADA SECUNDARIOS (KOHA) | |
| Tipo de ítem Koha | Livre |
| 996 ## - | |
| -- | MEX |
| -- | 751145101 |
| -- | MMAG |
| -- | 006938 |
| -- | 136.16 G984ME |
| -- | 20221018LIV |
| Estatus retirado | Estado de daño | Estado de pérdida | Fecha de adquisición | Biblioteca de origen | Biblioteca actual | Ubicación en estantería | Código de barras | Precio de reemplazo | Signatura topográfica completa | No para préstamo | Tipo de ítem Koha | Nota pública | Nota no pública |
|---|---|---|---|---|---|---|---|---|---|---|---|---|---|
| 05/08/2025 | Casa México Paris | Casa México Paris | 006938 | 05/08/2025 | 136.16 G984ME | Livre | 20221018LIV | 751145101 |